[Event "ITA-chT"]
[Site "Arvier"]
[Date "2012.04.30"]
[Round "6"]
[White "Micheli, Carlo"]
[Black "Bentivegna, Francesco"]
[Result "0-1"]
[WhiteElo "2268"]
[BlackElo "2276"]
[PlyCount "52"]
[EventDate "2012.04.27"]
[EventType "team-swiss"]
[EventRounds "7"]
[EventCountry "ITA"]
[SourceTitle "CBM 148 Extra"]
[Source "ChessBase"]
[SourceDate "2012.06.22"]
[SourceVersion "1"]
[SourceVersionDate "2012.06.22"]
[SourceQuality "1"]
[WhiteTeam "Marostica Scacchi"]
[BlackTeam "Palermo"]
[WhiteTeamCountry "ITA"]
[BlackTeamCountry "ITA"]

1. c4 b6 2. Nc3 Bb7 3. e4 e6 4. Nge2 Nf6 5. Qc2 c5 6. d3 Nc6 7. a3 d5 8. Bg5 d4 9. Nd1 h6 10. Bxf6 Qxf6 11. f4 e5 12. g3 h5 13. Nf2 g6 14. Bg2 0-0-0 15. 0-0 Qe7 16. Qa4 Kb8 17. fxe5 Nxe5 18. Nf4 h4 19. g4 h3 20. N4xh3 Bh6 21. Kh1 Be3 22. Qd1 Rh4 23. g5 Rdh8 24. Qe2 Bxg5 25. Nxg5 Rxh2+ 26. Kg1 Rxg2+ 0-1

[Event "ITA-chT"]
[Site "Arvier"]
[Date "2012.04.28"]
[Round "2"]
[White "Micheli, Carlo"]
[Black "Malloni, Marcello"]
[Result "0-1"]
[WhiteElo "2268"]
[BlackElo "2339"]
[PlyCount "104"]
[EventDate "2012.04.27"]
[EventType "team-swiss"]
[EventRounds "7"]
[EventCountry "ITA"]
[SourceTitle "CBM 148 Extra"]
[Source "ChessBase"]
[SourceDate "2012.06.22"]
[SourceVersion "1"]
[SourceVersionDate "2012.06.22"]
[SourceQuality "1"]
[WhiteTeam "Marostica Scacchi"]
[BlackTeam "Latina"]
[WhiteTeamCountry "ITA"]
[BlackTeamCountry "ITA"]

1. c4 Nf6 2. Nc3 e5 3. g3 Bb4 4. Bg2 0-0 5. Nf3 Re8 6. 0-0 Bxc3 7. bxc3 d6 8. d3 e4 9. Nd4 Nbd7 10. f3 exd3 11. exd3 h6 12. a4 a5 13. Nb5 b6 14. f4 Rb8 15. Na7 Bb7 16. Nc6 Bxc6 17. Bxc6 Qe7 18. Ra2 d5 19. d4 Qd6 20. cxd5 Nxd5 21. Bxd5 Qxd5 22. Rb2 Nf6 23. Qd3 Re4 24. Rb5 Qa2 25. Re5 Re8 26. Bd2 Qxa4 27. g4 Qd7 28. h3 R4xe5 29. fxe5 Rxe5 30. Bxh6 Re6 31. Bc1 b5 32. g5 Nd5 33. Qf3 c6 34. h4 g6 35. h5 gxh5 36. Bd2 Re7 37. Qxh5 Re4 38. Kh1 Qe6 39. Rf2 Qg6 40. Qh3 Qe6 41. Qh5 Qg6 42. Qh3 Re6 43. Rh2 Kf8 44. Rf2 a4 45. Kh2 Kg7 46. Qh6+ Kg8 47. Qxg6+ Rxg6 48. Kh3 Re6 49. Kg4 Kg7 50. Rf3 Re2 51. Bc1 Rc2 52. Ba3 Rxc3 0-1